00986nam a2200241 a 4500001001000000003000500010005001700015008004100032010001100073011001100084040000900095100002900104245013100133260004100264500006000305502013000365502003900495650002300534650003300557650002700590650005700617856007000674000110902CHAP20240821130718.0141020s2014 mx sm |||||||spa d a107364 a108336 cCHAP10aRuiz García, Agustín10aModelación y análisis del ambiente de un invernadero con ventilación naturalh[En línea]cpor Agustín Ruiz García. aChapingo, Méx. :bEl autor,c2014. aPara ver el contenido del material haga clic en la liga aTesis (Ph. D. en Ingeniería Agrícola y Uso Integral del Agua) -- UACH. Departamento de Ingeniería Mecánica Agrícola aUACH. Departamento de Irrigación14aControl ambiental.14aInvernaderosxVentilación.14aModelos matemáticos.14aProcesamiento automático de datos en invernaderos. aFinding aiduhttp://10.13.5.2/tesis/sist110902.pdfzTeclea aquí